[Event "CFriend AT-2005-0-00283 email"]
[Site "Chessfriend.com"]
[Date "2005.09.05"]
[Round "1"]
[White "Berthold, Andreas"]
[Black "Mueller Alves, Martin"]
[Result "1/2-1/2"]
[WhiteElo "2115"]
[BlackElo "2194"]
[PlyCount "67"]
[EventDate "2005.??.??"]
[EventType "tourn (corr)"]
[EventRounds "2"]
[SourceTitle "Corr 2024"]
[Source "ChessBase"]
[SourceDate "2023.10.19"]
[SourceVersion "1"]
[SourceVersionDate "2023.10.19"]
[SourceQuality "1"]

1. e4 e5 2. Nf3 Nc6 3. Bb5 a6 4. Ba4 Nf6 5. 0-0 Be7 6. Re1 b5 7. Bb3 d6 8. c3 0-0 9. h3 Na5 10. Bc2 c5 11. d4 Qc7 12. d5 Nc4 13. a4 Bd7 14. b3 Na5 15. axb5 axb5 16. Nbd2 Nb7 17. Bb2 Rxa1 18. Qxa1 Nh5 19. Nf1 Na5 20. Qd1 g6 21. Bc1 Ra8 22. Be3 Nb7 23. Qc1 Bf6 24. Ng3 Nxg3 25. fxg3 b4 26. cxb4 cxb4 27. Qd2 Ra2 28. Rc1 Qa5 29. Qe1 Nc5 30. Nd2 Bb5 31. g4 Be7 32. g5 Bd8 33. Kh1 Bb6 34. Bb1 1/2-1/2

[Event "CFriend AT-2005-0-00280 email"]
[Site "Chessfriend.com"]
[Date "2005.09.04"]
[Round "1"]
[White "Berthold, Andreas"]
[Black "Cornel, Matei"]
[Result "0-1"]
[WhiteElo "2115"]
[BlackElo "2299"]
[PlyCount "54"]
[EventDate "2005.??.??"]
[EventType "tourn (corr)"]
[EventRounds "2"]
[SourceTitle "Corr 2024"]
[Source "ChessBase"]
[SourceDate "2023.10.19"]
[SourceVersion "1"]
[SourceVersionDate "2023.10.19"]
[SourceQuality "1"]

1. e4 c5 2. Nf3 Nc6 3. Nc3 Nf6 4. d4 cxd4 5. Nxd4 e5 6. Ndb5 d6 7. Nd5 Nxd5 8. exd5 Nb8 9. c4 Be7 10. Bd3 0-0 11. 0-0 a6 12. Nc3 f5 13. f3 Nd7 14. Be3 Bg5 15. Bf2 Qf6 16. Qe2 b6 17. Na4 Rb8 18. b4 e4 19. fxe4 f4 20. c5 bxc5 21. bxc5 Ne5 22. Kh1 Bg4 23. Qc2 Rb4 24. Nb6 f3 25. g3 dxc5 26. Bxc5 Rxb6 27. Bxb6 Qxb6 0-1

[Event "CFriend AT-2005-0-00280 email"]
[Site "Chessfriend.com"]
[Date "2005.09.04"]
[Round "1"]
[White "Cornel, Matei"]
[Black "Berthold, Andreas"]
[Result "1-0"]
[WhiteElo "2299"]
[BlackElo "2115"]
[PlyCount "37"]
[EventDate "2005.??.??"]
[EventType "tourn (corr)"]
[EventRounds "2"]
[SourceTitle "Corr 2024"]
[Source "ChessBase"]
[SourceDate "2023.10.19"]
[SourceVersion "1"]
[SourceVersionDate "2023.10.19"]
[SourceQuality "1"]

1. e4 c5 2. Nf3 d6 3. d4 cxd4 4. Nxd4 Nf6 5. Nc3 Nc6 6. Bg5 e6 7. Qd2 Be7 8. 0-0-0 0-0 9. f4 Nxd4 10. Qxd4 Qa5 11. Kb1 h6 12. h4 Rd8 13. Qe3 b5 14. e5 dxe5 15. Bxf6 Bxf6 16. fxe5 b4 17. exf6 bxc3 18. Bc4 gxf6 19. Qxh6 1-0